Application of neural networks to modelling and control /

Uložené v:
Podrobná bibliografia
Ďalší autori: Page, G.F (Zostavovateľ, kompilátor)
Médium: Kniha
Jazyk:English
Vydavateľské údaje: London : Chapman and Hall, 1993
Predmet:
Tagy: Pridať tag
Žiadne tagy, Buďte prvý, kto otaguje tento záznam!

MARC

LEADER 00000nam a22000003a 4500
001 stu10121
005 20150617225803.2
008 971009s1993----uk------------------eng-d
040 |a STU  |b slo 
041 0 |a eng 
044 |a uk 
080 |a 681.51 
080 |a 681.322.06 
080 |a 519.7 
084 |a C1220  |2 INS 
084 |a C1210  |2 INS 
084 |a C7420D  |2 INS  |7 stu_us_auth*stu6018 
084 |a C1230D  |2 INS 
100 1 |a Page, G.F  |4 com 
245 1 |a Application of neural networks to modelling and control /  |c Edit. Page,G.F 
260 |a London :  |b Chapman and Hall,  |c 1993 
300 |a 119 s 
650 7 |a neurálne siete  |2 stusub 
650 7 |a automatizované systémy riadenia  |2 stusub 
650 7 |a modelovanie riadiacich systémov  |2 stusub 
650 7 |a matematická kybernetika  |2 stusub 
996 |b E81363  |c R*81363  |l RRUM  |s A  |a 24  |w stu10121_0001